Deutsche Städte, die auf -dorf enden - Statistiken

Allgemein
  • Dieses Quiz wurde 64 mal gespielt
  • Das Durchschnittsergebnis liegt bei 3 aus 17
Antwortstatistiken
BL Einwohner Stadt % Korrekt
NW 618.685 Düsseldorf
98%
NW 75.901 Troisdorf
32%
BY 35.044 Deggendorf
25%
NW 37.703 Warendorf
21%
NW 48.810 Alsdorf
13%
BW 41.647 Schorndorf
13%
NI 31.051 Burgdorf
9%
HE 25.871 Friedrichsdorf
9%
BY 22.503 Mühldorf am Inn
9%
BY 29.877 Schwandorf
9%
NW 21.424 Elsdorf
4%
BB 26.677 Hennigsdorf
4%
BB 26.857 Hohen Neuendorf
4%
HE 21.425 Stadtallendorf
4%
BY 26.243 Zirndorf
4%
HE 31.638 Mörfelden-Walldorf
2%
NW 20.039 Wilnsdorf
2%
Keine übereinstimmenden Quizze gefunden
Verteilung der Resultate
Anzahl Personen mit jedem Resultat
Perzentil nach korrekt beantworteten Fragen
Ihre Resultats-Entwicklung
Sie haben dieses Quiz noch nicht gespielt